| 000 | 00000nam##2200000za#4500 |
| 001 | 9.633224 |
| 003 | CaOODSP |
| 005 | 20210624215224 |
| 007 | cr ||||||||||| |
| 008 | 150407|2004||||xxc|||||o f|0| 0 fre|d |
| 040 | |aCaOODSP|bfre |
| 043 | |an-cn--- |
| 086 | 1 |aH39-4/43-2004F-PDF |
| 110 | 1 |aCanada. |bSanté Canada. |
| 245 | 10|aDéclaration des événements indésirables liés aux transfusions au Canada |h[ressource électronique] |
| 260 | |aOttawa - Ontario : |bSanté Canada |cc2004. |
| 300 | |a1p.|bill., carte |
| 500 | |aLe n° de catalogue (H39-4/43-2004) et l'ISBN (0-662-68202-5) de l'édition imprimée bilingue ont été incorrectement copiés dans l'édition pdf. |
| 590 | |a11-31-Supp|b2011-12-13 |
| 691 | 07|aApprovisionnement en sang|2gcpds |
| 775 | 08|tReporting of transfusion adverse events in Canada |w(CaOODSP)9.688805 |
| 856 | 40|ahttp://publications.gc.ca|qPDF|s577 Ko|uhttps://publications.gc.ca/collections/collection_2011/sc-hc/H39-4-43-2004-fra.pdf |
| 986 | |aB200_V1.0F (mai 2004) |